000 01200cab a2200193 4500
001 ##L131262
008 051013n2005 000 0 eng u
035 _a(Sirsi) u131262
041 0 _aeng
100 1 _aSweet, Rod
245 0 0 _aWhy are we waiting?
260 _c2005
490 _aConstruction Manager
_vOctober 2005, 18-19(2)
520 _aA report by the Strategic Forum claims that bad logistics costs the construction industry £3 billion each year. This article examines the main barriers to improving logistics, and makes recommendations to improve matters. These include the preparation of a Logistics Plan at the commencement of a project, the drawing-up of a process map by designers, and manufacturers making the costs of transporting materials and components transparent. It also suggests that logistics CPD modules be taught in universities and colleges. The report estimates that savings of up to 30% could be realised if logistics were improved. The article also reports on a consolidation centre trial being used for building projects in the City of London.
590 _aIKA251005
650 2 4 _aSTRATEGIC FORUM
690 _aBUILT ENVIRONMENT-BUILDING COSTS
942 _n0
999 _c76002
_d76002